Sports Quiz

Random Sports or Clickable Quiz

The NFL Since the Texans (Part 4) Quiz Stats

 Plays Quiz not verified by Sporcle

Challenge
Share
Tweet
Embed
Score 0/32 Timer 10:00
1 Play Today
% Correct
New England Patriots
83.8%
Indianapolis Colts
81%
Oakland Raiders
80%
Green Bay Packers
79.1%
Denver Broncos
78.4%
Detroit Lions
78.3%
Washington Redskins
77.9%
Cleveland Browns
76.8%
Los Angeles Rams
76.7%
Seattle Seahawks
76.5%
Tampa Bay Buccaneers
76%
Dallas Cowboys
73.9%
San Francisco 49ers
71.4%
Los Angeles Chargers
70.9%
Houston Texans
69.8%
Kansas City Chiefs
69.2%
% Correct
Chicago Bears
67.7%
Arizona Cardinals
67.4%
Tennessee Titans
67%
Philadelphia Eagles
67%
New York Giants
66.7%
Pittsburgh Steelers
66.6%
Jacksonville Jaguars
66.5%
Buffalo Bills
66.2%
Miami Dolphins
66.1%
New York Jets
66.1%
Minnesota Vikings
65%
Cincinnati Bengals
64.4%
New Orleans Saints
62.2%
Carolina Panthers
61.6%
Atlanta Falcons
58.9%
Baltimore Ravens
58.5%

You're not logged in!

Compare scores with friends on all Sporcle quizzes.
Join for Free
OR
Log In

You Might Also Like...

Show Comments

Extras

Top Quizzes Today


Score Distribution

Your Account Isn't Verified!

In order to create a playlist on Sporcle, you need to verify the email address you used during registration. Go to your Sporcle Settings to finish the process.

Report this User

Report this user for behavior that violates our Community Guidelines.

Details: